Statistiques concernant Militaires du métro parisien

Cliquez ici pour prendre le quiz!

Statistiques générales

  • Ce quiz a été pris 14 fois
  • Le résultat moyen est 5 sur 18

Statistiques - réponses

Ligne(s)DatesNom% Correct
61770-1842Cambronne (Pierre Cambronne)
62%
10-131772-1813Duroc (Géraud Christophe Michel Du Roc)
54%
61753-1800Kléber (Jean-Baptiste Kléber)
46%
7-91757-1834Chaussée d'Antin - La Fayette (Gilbert du Motier de La Fayette)
38%
6-8-101720-1791La Motte-Picquet - Grenelle (Toussaint-Guillaume Picquet de La Motte)
38%
3bis1773-1855Pelleport (Pierre de Pelleport)
38%
61738-1794Dugommier (Jean François Dugommier)
31%
8-91774-1847Richelieu - Drouot (Antoine Drouot)
23%
91769-1796Alma - Marceau (François Séverin Marceau)
15%
91775-1852Exelmans (Rémy Joseph Isidore Exelmans)
15%
51768-1797Hoche (Lazare Hoche)
15%
121773-1827Lamarck - Caulaincourt (Armand de Caulaincourt)
15%
81768-1850La Tour-Maubourg (Victor de Faÿ de La Tour-Maubourg)
15%
101724-1801Ségur (Philippe Henri de Ségur)
15%
61759-1815Sèvres - Lecourbe (Claude Jacques Lecourbe)
15%
41770-1816Mouton-Duvernet (Régis Barthélemy Mouton-Duvernet)
8%
131756-1866Pernety (Joseph Marie de Pernety)
8%
71771-1805Sully - Morland (François-Louis de Morlan)
8%

Distribution des résultats

Percentile par nombre de réponses

% des personnes avec chaque résultat

Votre développement - résultats

Vous n’avez pas pris ce quiz